• 首页
  • 本馆介绍
  • 公告通知
  • 最新文献
  • 馆藏检索
  • 电子资源
  • 读者导购
  • 参考咨询
  • 我的图书馆
  • 登录
  • 详细信息显示
  • 放入我的书架
  • 预约/预借图书
  • 作者相关作品
  • 分类相关作品
  • 丛书相关作品
  • 出版社相关作品

书目信息

  • 表格格式
  • 工作单格式
  • 卡片格式
题名:
信息化背景下图书和档案管理创新研究
    
 
作者: 彭德婧 , 王艾 , 阴志芳 著
分册:  
出版信息: 长春   吉林出版集团股份有限公司  2022.08
页数: 258页
开本: 24cm
丛书名:
单 册:
中图分类: G251 , G271
科图分类:
主题词: 图书馆管理--研究 , 档案管理--研究
电子资源:
ISBN: 978-7-5731-1024-4
000 01254nam0 2200289 450
001 012001001486
005 20141202151512.0
010    @a978-7-5731-1024-4@dCNY48.00
100    @a20220905d2022 em y0chiy50 ea
101 0  @achi
102    @aCN@b220000
105    @ay az 000yy
106    @ar
200 1  @a信息化背景下图书和档案管理创新研究@Axin xi hua bei jing xia tu shu he dang an guan li chuang xin yan jiu@f彭德婧,王艾,阴志芳著
210    @a长春@c吉林出版集团股份有限公司@d2022.08
215    @a258页@d24cm
320    @a有书目 (第257-258页)
330    @a本书主要包括两方面的内容,一是关于图书管理的相关介绍,二是档案管理相关内容的阐述。具体包括:图书管理的基本内容、图书的收藏与整理、图书的管理方法、图书馆中图书的信息资源建设、图书情报与档案管理的关系,以及引申出来的高校图书档案的收集与整理、高校档案的检索与利用、高校档案的保管与防护等。全书主要研究图书管理的理念以及管理实践,分析信息化时代下的图书和档案管理的基础与建设,对相关从业者有学习和参考的价值。
606 0  @a图书馆管理@x研究
606 0  @a档案管理@x研究
690    @aG251@v5
690    @aG271@v5
701  0 @a彭德婧@Apeng de jing@4著
701  0 @a王艾@AWang Ai@4著
701  0 @a阴志芳@Ayin zhi fang@4著
801  0 @aCN@bAHXH@c20221111
905    @b1363335-7@dG251@e46@f3
    
    信息化背景下图书和档案管理创新研究/彭德婧,王艾,阴志芳著.-长春:吉林出版集团股份有限公司,2022.08
    258页;24cm
    
    
    ISBN 978-7-5731-1024-4:CNY48.00
    本书主要包括两方面的内容,一是关于图书管理的相关介绍,二是档案管理相关内容的阐述。具体包括:图书管理的基本内容、图书的收藏与整理、图书的管理方法、图书馆中图书的信息资源建设、图书情报与档案管理的关系,以及引申出来的高校图书档案的收集与整理、高校档案的检索与利用、高校档案的保管与防护等。全书主要研究图书管理的理念以及管理实践,分析信息化时代下的图书和档案管理的基础与建设,对相关从业者有学习和参考的价值。
●
相关链接 在E读中查询图书 在五车中查询图书 在当当中查询图书 在豆瓣中查询图书


正题名:信息化背景下图书和档案管理创新研究     索取号:G251/46         预约/预借

序号 登录号 条形码 馆藏地/架位号 状态 备注
1 1363335   213633353   第一样本阅览室/ [索取号:G251/46] 在馆    
2 1363336   213633362   第四借阅区/ [索取号:G251/46] 在馆    
3 1363337   213633371   第四借阅区/ [索取号:G251/46] 在馆    
唐山师范学院图书馆 欢迎您!
大连网信软件有限公司© 版权所有